Largest Cities By Area - Statistics

General Stats
  • This quiz has been taken 20 times
  • The average score is 7 of 10
Answer Stats
Area in sqKm Area in sqMi City/Urban Area % Correct
4,320 1,668 Los Angeles
95%
8,683 3,353 New York Metro Area
95%
5,498 2,123 Chicago
85%
3,355 1,295 Houston
75%
6,993 2,700 Tokyo/Yokohama
75%
3,267 1,261 Detroit
50%
5,083 1,963 Atlanta
45%
4,497 1,736 Boston
45%
3,644 1,407 Dallas/Forth Worth
45%
4,661 1,800 Philadelphia
45%
No matching quizzes found
Score Distribution
Percent of People with Each Score
Percentile by Number Answered
Your Score History
You have not taken this quiz